000 01989nam2a2200277 i 4500
001 RU\NLR\BIBL_A\010200644
005 20241225193744.0
010 _a9785937502773
_9100
021 _aRU
_b2013-108171
_97496
035 _a(NLR Aleph) 010200644
090 _a10241985
_c10241985
100 _a20140305d2013 u y0rusy50 ca
101 0 _arus
102 _aRU
105 _ay ||z|||000yy
200 0 _aВып. 4
_e[статьи в журналах и научных сборниках]
210 _d2013
215 _a112 с.
300 _aОбщ. загл. вып.: Развиваем воображение как основу творческого потенциала личности детей-дошкольников (при восприятии связных текстов)
320 _aБиблиогр. в конце ст.
461 1 _1001RU\NLR\BIBL_A\010015196
_12001#$aРазвиваем воображение как основу творческого потенциала личности в раннем и дошкольном детстве$vВып. 4
_0RU\NLR\BIBL_A\010015196
_99873544
_aЗахарюта, Н. В.
_cАрмавир
_d2012
_fН.В. Захарюта
_nАрмавирское полиграфпредприятие
_oв помощь студентам и преподавателям педагогических вузов и колледжей, практическим специалистам дошкольного образования
_tРазвиваем воображение как основу творческого потенциала личности в раннем и дошкольном детстве
_vВып. 4
517 1 _aРазвиваем воображение как основу творческого потенциала личности детей-дошкольников (при восприятии связных текстов)
942 _cBOOK
980 _aNBR